[Event "SJNR-ch U18"]
[Site "Kranenburg"]
[Date "2005.01.05"]
[Round "5"]
[White "Vandenbergen, Nicolas"]
[Black "Achten, Johannes"]
[Result "1-0"]
[WhiteElo "1903"]
[BlackElo "1549"]
[PlyCount "81"]
[EventDate "2005.01.02"]
[EventType "swiss"]
[EventRounds "7"]
[EventCountry "GER"]
[SourceTitle "EXT 2007"]
[Source "ChessBase"]
[SourceDate "2006.11.23"]
[SourceVersion "1"]
[SourceVersionDate "2006.11.23"]
[SourceQuality "1"]

1. d4 d5 2. c4 e6 3. Nc3 Bb4 4. Bf4 Nf6 5. e3 0-0 6. Nf3 c5 7. a3 cxd4 8. axb4 dxc3 9. bxc3 Nc6 10. Qc2 Ne7 11. Bg5 Ng6 12. cxd5 e5 13. Bc4 Qd6 14. e4 Bg4 15. Nd2 a6 16. Be3 Rfc8 17. 0-0 Qc7 18. Rfc1 Ne8 19. Bb3 Be2 20. c4 Nd6 21. f3 Nf4 22. Bxf4 exf4 23. Kf2 Qe7 24. Kxe2 Nf5 25. Qd3 Re8 26. Kf1 Qh4 27. Kg1 Ne3 28. Nf1 Nxg2 29. Kxg2 Re5 30. Ra2 Rd8 31. c5 Re6 32. Qc3 Rg6+ 33. Kh1 Qg5 34. Qd4 Re8 35. Rcc2 Rxe4 36. fxe4 f3 37. d6 Qf4 38. d7 h6 39. d8Q+ Kh7 40. Qe3 Qg4 41. Bxf7 1-0